เปลี่ยนเป็นภาษาไทย

Change to English
 แสดงรายละเอียดบรรณานุกรม
  กลับหน้าหลัก

Brief Record : Get Marc (ISO 2709) : E-mail record : QR code < ปิดหน้าต่าง
mysqli: Table './ulib62015/stat_globaluid' is marked as crashed and should be repaired
select id from stat_globaluid where statuid='20260517200506_150' 
mysqli: Table './ulib62015/stat_globaluid' is marked as crashed and should be repaired
DELETE FROM stat_globaluid
			WHERE id NOT IN (
			  SELECT id
			  FROM (
				SELECT id
				FROM stat_globaluid
				ORDER BY id DESC
				LIMIT 100
			  ) foo
			); 
mysqli: Table './ulib62015/stat_globaluid' is marked as crashed and should be repaired
insert into stat_globaluid set
		statuid='20260517200506_150',
		dt='1779023106',
		phpself='/ULIB62015/dublinfull.php',
		agent='Mozilla/5.0 AppleWebKit/537.36 (KHTML, like Gecko; compatible; ClaudeBot/1.0; +claudebot@anthropic.com)',
		yea='2026',
		mon='5',
		dat='17',
		ip='216.73.216.45'
		
		
mysqli: Table './ulib62015/stathist_viewbib_bib_type' is marked as crashed and should be repaired
insert into stathist_viewbib_bib_type set 
		dat='17' ,
		 mon='05' ,
		  yea='2026' ,
			 statuid='20260517200506_150' ,
			 head='13399122765' ,
			 foot='marc' ,
			 dt='1779023106' 
		
LEADER : 00000nam 2200000uu 4500
001    13399122765
003     ULIB
008    200811s2015||||th 000 0 eng d
020    ^a9781449334185 (Vol.2)
050 04 ^aTK7870^bP719e 2015
100 1  ^aPlatt, Charles
245 10 ^aEncyclopedia of electronic components:^bSignal processing^nVolume 2 /^cCharles Platt and Fredrik Jansson
246 30 ^aElectronic components
260    ^aSebastopol, CA :^bMaker Media,^cc2015
300    ^axxvii, 285 pages:^billustrations ;^c25 cm.
500    ^a"Revision history for the first edition: 2012-10-13: first release ; 2012-12-04: second release ; 2013-05-03: third release; 2013-12-30 fourth release"--title page verso.
504    ^aIncludes index.
505 0  ^gV.1. Power sources & conversion: resistors, capacitors, inductors, switches, encoders, ralays, transistors --^gV.2. Signal processing : diodes, transistors, chips, light, heat, sound emitters --^gV.3. Sensors: Location, presence, proximity, orientation, oscillation, force, load, human input, liquid and gas properties, light, heat, sound, electricity.
650  0 ^aElectronic apparatus and appliances.
650  0 ^aElectronic apparatus and appliances^vEncyclopedias
650  0 ^aPassive components^vEncyclopedias
700 1  ^aJansson, Fredrik
945    ^p905^l0^i028007
945    ^p0^l0^i028746
945    ^p0^l0^i028747
945    ^p0^l0^i028748
945    ^p0^l0^i028749
999    ^a57066
รายการนี้ยังไม่มีแท็ก
คุณยังไม่ได้ล็อกอิน คุณสามารถมีกิจกรรมร่วมกับเว็บไซต์ได้ แต่ต้องล็อกอินก่อน ::
  ล็อกอิน
  One Stop Service : ศูนย์ให้บริการแบบเบ็ดเสร็จ   จัดการหนังสือโปรด   แจ้งรายการบรรณานุกรมผิดพลาด
ลำดับที่ ประเภท เลขเรียก/บาร์โค้ด สถานที่ สถานะ
1. หนังสือ
หนังสือ
TK7870 P719e 2015 v.2 c.1 
  Barcode: 028007
หนังสือทั่วไป บนชั้น
  ขอยืม
Note:งบประมาณปี 2563
2. หนังสือ
หนังสือ
TK7870 P719e 2015 v.2 c.2 
  Barcode: 028746
หนังสือทั่วไป บนชั้น
  ขอยืม
Note:งบประมาณปี 2564
3. หนังสือ
หนังสือ
TK7870 P719e 2015 v.2 c.3 
  Barcode: 028747
หนังสือทั่วไป บนชั้น
  ขอยืม
Note:งบประมาณปี 2564
4. หนังสือ
หนังสือ
TK7870 P719e 2015 v.2 c.4 
  Barcode: 028748
หนังสือทั่วไป บนชั้น
  ขอยืม
Note:งบประมาณปี 2564
5. หนังสือ
หนังสือ
TK7870 P719e 2015 v.2 c.5 
  Barcode: 028749
หนังสือทั่วไป บนชั้น
  ขอยืม
Note:งบประมาณปี 2564

รายการใกล้เคียง
    ผู้แต่ง [Platt, Charles]

    หัวเรื่อง [Electronic apparatus and appliances.]

BibComment


ยังไม่เคยถูกคอมเมนท์

คอมเมนท์ทรัพยากรรายการนี้
  คอมเมนท์: Encyclopedia of ..
Bib 13399122765

 
 
 

 Union Library Management : ULibM
Copyright 2026. All Rights Reserved.